Score 0/20 Timer 08:00
55 Plays Today
% Correct
Correct! C is The Dark Knight
91.1%
Correct! D is Big
84%
Correct! D is The Day After Tomorrow
75.7%
Correct! B is Pretty in Pink
73.5%
Correct! C is The Silence of the Lambs
69.9%
Correct! B is American Sniper
64.7%
Correct! B is Star Wars: Episode V - The Empire Strikes Back
63.4%
Correct! B is Rocky IV
62.1%
Correct! B is Cocktail
62%
Correct! C is Creature From The Black Lagoon
61.4%
% Correct
Correct! C is Jurassic World
60.2%
Correct! A is Transsiberian
58.1%
Correct! C is The Incredible Hulk
53.9%
Correct! A is Paris je t'aime
53.4%
Correct! B is Toy Story 3
49.6%
Correct! B is The Passion of the Christ
43.1%
Correct! A is North by Northwest
40.9%
Correct! A is The Royal Tenenbaums
37.5%
Correct! C is The Big Sleep
36.9%
Correct! A is Octopussy
28.9%
Remove Ads.
Support Sporcle.
Get the best of Sporcle when you Go Orange. This ad-free experience offers more features, more stats, and more fun while also helping to support Sporcle. Thank you for becoming a member.

You're not logged in!

Compare scores with friends on all Sporcle quizzes.
OR
Log In

Sporcle TV

Today on Sporcle TV


Watch our educational content, quiz creation guides, and fun videos on Sporcle TV.

Show Comments

Extras

Top Quizzes Today


Score Distribution

Paid Content

Your Account Isn't Verified!

In order to create a playlist on Sporcle, you need to verify the email address you used during registration. Go to your Sporcle Settings to finish the process.

Report this User

Report this user for behavior that violates our Community Guidelines.

Details: